Ancient Greek coins /

محفوظ في:

مؤلف مشترك: Rhode Island School of Design. Museum of Art.

مؤلفون آخرون: Holloway, R. Ross, 1934-

التنسيق: كتاب

اللغة: English

منشور في: Providence, R. I. : Louvain-la-Neuve, Belgium : [Center for Old World Archaeology and Art, Brown University ; Departement d'archeologie et d'histoire de l'art, College Erasme], 1998.

سلاسل: Archaeologia transatlantica ; 15.
Publications d'histoire de l'art et d'archéologie de l'Université catholique de Louvain ; 96.

الموضوعات:

الوسوم: إضافة وسم

لا توجد وسوم, كن أول من يضع وسما على هذه التسجيلة!

رقم الطلب: CJ315 .U62 P76 1998

LEADER 01085namaa2200265 4500
001 22088
003 OSt
005 20251106090051.0
008 130303s1998 riua b 000 0 eng d
040 |c ARCE Library 
050 4 |a CJ315 .U62 P76 1998 
110 2 |a Rhode Island School of Design.  |b Museum of Art. 
245 1 0 |a Ancient Greek coins /  |c by R. Ross Holloway. 
264 1 |a Providence, R. I. :   |b [Center for Old World Archaeology and Art, Brown University ;  |a Louvain-la-Neuve, Belgium :  |b Departement d'archeologie et d'histoire de l'art, College Erasme],  |c 1998. 
300 |a xiv, 97 pages :  |b illustrations ;  |c 28 cm. 
490 0 |a Archaeologia transatlantica ;  |v 15. 
490 0 |a Publications d'histoire de l'art et d'archéologie de l'Université catholique de Louvain ;   |v 96. 
504 |a Includes bibliographical references. 
555 |a Sara.lib 
610 2 0 |a Rhode Island School of Design.  |b Museum of Art  |x Coin collections  |v Catalogs. 
650 0 |a Coins, Greek  |v Catalogs. 
700 1 |a Holloway, R. Ross,  |d 1934- 
901 |a reviewed 
942 |c BK  |2 lcc 
999 |c 20692  |d 20692